Villes suisses aléatoires sur une carte - Statistiques

Statistiques générales
  • Ce quiz a été pris 642 fois
  • Le résultat moyen est 11 sur 20
Réponses sur la Carte
Les réponses sont colorées sur une échelle allant du rouge au vert en fonction du pourcentage des utilisateurs qui les ont devinées à leur premier essai. Vous pouvez retrouver ces pourcentages ci-dessous.
 
Statistiques - réponses
Ville % Correct
Genève
100%
Lausanne
92%
Bâle
87%
Berne
86%
Fribourg
84%
Sion
83%
Montreux
81%
Neuchâtel
81%
Lugano
80%
Zurich
80%
Bienne
79%
Locarno
76%
Coire
74%
Lucerne
74%
Vevey
73%
Nyon
70%
Soleure
70%
Yverdon-les-Bains
70%
Saint-Gall
68%
Morges
65%
Schaffhouse
65%
Thoune
65%
Delémont
63%
La Chaux-de-Fonds
62%
Zoug
62%
Martigny
60%
Zermatt
59%
Aarau
58%
Bulle
53%
Davos
53%
Appenzell
52%
Bellinzone
52%
Monthey
52%
Liestal
47%
Altdorf
46%
Glaris
43%
Saint-Moritz
43%
Winterthour
41%
Schwytz
40%
Meyrin
39%
Frauenfeld
38%
Olten
37%
Vernier
32%
Lancy
29%
Sarnen
25%
Lyss
24%
Rapperswil-Jona
23%
Baden
22%
Köniz
18%
Emmen
15%
Uster
15%
Kreuzlingen
14%
Berthoud
11%
Aucun quiz correspondant
Distribution des résultats
% des personnes avec chaque résultat
Percentile par nombre de réponses
Votre historique - résultats
Vous n’avez pas pris ce quiz